000
00291nam a22001337a 4500
008
180824b xxu||||| |||| 00| 0 eng d
020
_a
9781437704532
041
_a
eng
080
_a
617
100
_a
6
101
_a
ANE
245
_a
ANESTHESIOLOGY CLINIC
_c
GROSS.W.L
942
_2
udc
_c
BK
999
_c
47312
_d
47312